[Event "40th Olympiad Women"]
[Site "Istanbul TUR"]
[Date "2012.09.09"]
[Round "11.40"]
[Board "4"]
[White "Alvarez Orta, Jo Ann"]
[Black "Nikolovska, Dragana"]
[Result "0-1"]
[WhiteTitle "WFM"]
[WhiteElo "1753"]
[BlackElo "1828"]
[WhiteTeam "Puerto Rico"]
[BlackTeam "FYROM"]
[WhiteFideId "3100979"]
[BlackFideId "15000133"]
[EventDate "2012.08.28"]

1. e4 c5 2. Nf3 d6 3. d4 cxd4 4. Nxd4 Nf6 5. Nc3 g6 6. Be3 Bg7 7. f3 O-O 8. Qd2
Nc6 9. O-O-O Nxd4 10. Bxd4 Be6 11. Kb1 Qc7 12. h4 Rfc8 13. h5 Qa5 14. hxg6 fxg6
15. Nd5 Qxd2 16. Rxd2 Nxd5 17. Bxg7 Nb4 18. Bh6 Bxa2+ 19. Kc1 Bb3 20. c3 a5 21.
Bg5 Rc7 22. g3 a4 23. Kb1 Nc6 24. Rdh2 e6 25. Bf4 e5 26. Bg5 d5 27. exd5 Bxd5
28. Be2 e4 29. c4 Be6 30. fxe4 Nd4 31. Bf4 Rd7 32. Bf1 Rc8 33. Rd2 Nb3 34. Rxd7
Bxd7 35. Rh2 Be6 36. Rc2 Rd8 37. Be2 Rd4 38. e5 Bf5 39. e6 Bxc2+ 40. Kxc2 Kf8
41. Bf3 Rxc4+ 42. Kd3 Rd4+ 43. Kc3 b5 44. Bg5 b4+ 45. Kc2 Rd6 46. e7+ Kf7 47.
Bg2 Nd4+ 48. Kc1 Ne2+ 49. Kc2 b3+ 0-1

[Event "40th Olympiad Women"]
[Site "Istanbul TUR"]
[Date "2012.09.09"]
[Round "11.41"]
[Board "1"]
[White "Smith, Olivia"]
[Black "Mir Mahmoud, Afamia"]
[Result "1/2-1/2"]
[WhiteTitle "WFM"]
[WhiteElo "2022"]
[BlackElo "1970"]
[WhiteTeam "Wales"]
[BlackTeam "Syria"]
[WhiteFideId "411850"]
[BlackFideId "7600674"]
[EventDate "2012.08.28"]

1. e4 c5 2. Nf3 e6 3. g3 Nc6 4. Bg2 d5 5. exd5 exd5 6. d4 Nf6 7. O-O h6 8. Re1+
Be6 9. Be3 c4 10. c3 Bd6 11. Nbd2 O-O 12. Nh4 Ne7 13. f4 Qc8 14. Ndf3 Nf5 15.
Nxf5 Bxf5 16. Ne5 g6 17. Bf2 b5 18. a3 Rb8 19. Be3 Kg7 20. Bf3 h5 21. Qe2 a5 22.
Bd2 Be4 23. Bxe4 Nxe4 24. a4 f6 25. Nf3 b4 26. Rec1 Re8 27. Qg2 Qg4 28. Be1 Rb7
29. h3 Qe6 30. Rc2 Reb8 31. Re2 Qd7 32. Kh2 bxc3 33. Bxc3 Bb4 34. Bxb4 Rxb4 35.
Nd2 Rxb2 36. Nxe4 Rxe2 37. Qxe2 dxe4 38. Qxe4 Rb2+ 39. Kg1 Rd2 40. Re1 Qxd4+ 41.
Qxd4 Rxd4 42. Re7+ Kf8 43. Rc7 Ke8 44. Kf2 Kd8 45. Rc5 c3 46. Rxc3 Rxa4 47. Rc6
Ke7 48. Ra6 Ra1 49. g4 hxg4 50. hxg4 a4 51. g5 a3 52. gxf6+ Kf7 53. Kg3 a2 54.
Kg2 Rb1 55. Rxa2 Kxf6 56. Ra5 1/2-1/2

[Event "40th Olympiad Women"]
[Site "Istanbul TUR"]
[Date "2012.09.09"]
[Round "11.41"]
[Board "4"]
[White "Stef, Shirin"]
[Black "Wang, Alyssa"]
[Result "1-0"]
[WhiteElo "1942"]
[BlackElo "1541"]
[WhiteTeam "Syria"]
[BlackTeam "Wales"]
[WhiteFideId "7602030"]
[BlackFideId "1802267"]
[EventDate "2012.08.28"]

1. d4 d5 2. Nf3 Nf6 3. Bf4 c5 4. c3 Nc6 5. e3 Qb6 6. Qc2 g6 7. Nbd2 Bg7 8. dxc5
Qxc5 9. Bd3 O-O 10. Rd1 Qb6 11. Nb3 Rd8 12. Nbd4 Nh5 13. Nxc6 bxc6 14. Be5 f6
15. Bd4 c5 16. Bxg6 hxg6 17. Qxg6 cxd4 18. cxd4 Qxb2 19. Rd2 Qc3 20. O-O Bb7 21.
Rc2 Qa5 22. Qxh5 Rac8 23. Rfc1 Qxa2 24. Rxc8 Bxc8 25. Nh4 Qb2 26. Rd1 a5 27. Ng6
Qb7 28. Nf4 Qd7 29. Ra1 a4 30. Qg6 e6 31. Nh5 Kf8 32. Rxa4 Qf7 33. Qh7 Qg8 34.
Qc2 Qf7 35. Qh7 Qc7 36. g3 Rd7 37. Nf4 Rd8 38. h4 Qc1+ 39. Kg2 f5 40. Ra7 Rd7
41. Nxe6+ Kf7 42. Rxd7+ Bxd7 43. Nxg7 Kf6 44. Nh5+ 1-0

[Event "40th Olympiad Women"]
[Site "Istanbul TUR"]
[Date "2012.09.09"]
[Round "11.42"]
[Board "1"]
[White "Gedvilaite, Monika"]
[Black "Lang, Heather"]
[Result "1-0"]
[WhiteElo "1985"]
[BlackElo "2015"]
[WhiteTeam "Ireland"]
[BlackTeam "Scotland"]
[WhiteFideId "12809780"]
[BlackFideId "2400979"]
[EventDate "2012.08.28"]

1. e4 d5 2. exd5 Qxd5 3. Nc3 Qa5 4. d4 Nf6 5. Bc4 Nc6 6. Nf3 Bg4 7. Bb5 O-O-O 8.
Bxc6 bxc6 9. h3 Qh5 10. Qe2 Bxf3 11. gxf3 Qa5 12. Qc4 e6 13. Qxc6 Nd5 14. Bg5 f6
15. Bd2 Bb4 16. Qxe6+ Kb8 17. O-O Rd6 18. Qe1 Nxc3 19. bxc3 Qh5 20. Rb1 Re8 21.
Rxb4+ Ka8 22. Qb1 Qxh3 23. Bf4 Rc6 24. Re1 Rc8 25. Qb3 Qxf3 26. Rb1 Rb6 27. Rxb6
cxb6 28. Qe6 Rc6 29. Qg8+ Kb7 30. Qxg7+ Kc8 31. Qg8+ Kb7 32. Qxh7+ Kc8 33. Re1 1-0

[Event "40th Olympiad Women"]
[Site "Istanbul TUR"]
[Date "2012.09.09"]
[Round "11.42"]
[Board "2"]
[White "Roy, Ali"]
[Black "Lowry-O'Reilly, Hannah"]
[Result "1-0"]
[BlackTitle "WFM"]
[WhiteElo "1836"]
[BlackElo "1818"]
[WhiteTeam "Scotland"]
[BlackTeam "Ireland"]
[WhiteFideId "2400456"]
[BlackFideId "2501597"]
[EventDate "2012.08.28"]

1. e4 e6 2. d3 d5 3. Qe2 c5 4. Nf3 Nc6 5. g3 d4 6. e5 b6 7. Bg2 Bb7 8. O-O Qc7
9. Bf4 Nge7 10. Re1 Ng6 11. Nbd2 Nxf4 12. gxf4 Nb4 13. Ne4 Nd5 14. Qd2 Be7 15.
f5 O-O-O 16. Bh3 exf5 17. Bxf5+ Kb8 18. c4 dxc3 19. bxc3 g6 20. Bh3 f5 21. Neg5
Bxg5 22. Nxg5 Rde8 23. d4 cxd4 24. cxd4 h6 25. Nf3 Qc3 26. Bg2 Qxd2 27. Nxd2 Nf4
28. Bxb7 Kxb7 29. Nc4 Kc6 30. Rad1 Rd8 31. Nd6 Kd5 32. Nf7 Rhe8 33. Nxd8 Rxd8
34. Rb1 Rc8 35. Rb5+ Ke6 36. Rd1 Nd5 37. Rb3 Rc4 38. Kf1 Rc2 39. Rh3 h5 40. Ra3
a5 41. Rg3 Nf4 42. Rb1 b5 43. a3 Rd2 44. Rc3 Rxd4 45. Rc6+ Kxe5 46. Rxb5+ Ke4
47. Rc1 a4 48. Rb4 Kd5 49. Rxd4+ Kxd4 50. Rc6 Kd5 51. Ra6 Kc5 52. Rxa4 Nd5 53.
Ra6 Nb6 54. a4 g5 55. Ra5+ Kd6 56. Rxf5 Nxa4 57. Rxg5 Nc3 58. Rxh5 Ne4 59. f4
Kd7 60. Kg2 Nf6 61. Re5 Kd6 62. Kg3 Kd7 63. Kh4 1-0

[Event "40th Olympiad Women"]
[Site "Istanbul TUR"]
[Date "2012.09.09"]
[Round "11.42"]
[Board "3"]
[White "Ui Laighleis, Gearoidin"]
[Black "Giulian, Rosemary A"]
[Result "1-0"]
[WhiteTitle "WCM"]
[WhiteElo "1894"]
[BlackElo "1894"]
[WhiteTeam "Ireland"]
[BlackTeam "Scotland"]
[WhiteFideId "2501171"]
[BlackFideId "2400375"]
[EventDate "2012.08.28"]

1. d4 e6 2. Nf3 Nf6 3. e3 d5 4. Bd3 c5 5. b3 Nbd7 6. Bb2 Bd6 7. O-O O-O 8. Nbd2
cxd4 9. exd4 b6 10. Ne5 a5 11. f4 Bb7 12. Qe2 Qe7 13. Rf3 g6 14. Rh3 Ba3 15.
Bxa3 Qxa3 16. Rf1 Qb2 17. Ndf3 Rad8 18. a4 Ne4 19. Qe3 Ndf6 20. g4 Kg7 21. g5
Ng8 22. Ng4 Ne7 23. Nf6 Nxf6 24. gxf6+ 1-0

[Event "40th Olympiad Women"]
[Site "Istanbul TUR"]
[Date "2012.09.09"]
[Round "11.43"]
[Board "1"]
[White "Munoz, Carolina"]
[Black "Ramos Dos, Rosangela"]
[Result "1/2-1/2"]
[WhiteTitle "WIM"]
[WhiteElo "1981"]
[BlackElo "1707"]
[WhiteTeam "Costa Rica"]
[BlackTeam "Suriname"]
[WhiteFideId "6500579"]
[BlackFideId "8200521"]
[EventDate "2012.08.28"]

1. e4 e5 2. d4 exd4 3. Nf3 Bb4+ 4. c3 dxc3 5. bxc3 Bc5 6. Bc4 Ne7 7. Ng5 d5 8.
exd5 Ng6 9. O-O O-O 10. Qh5 h6 11. d6 hxg5 12. Qxg6 Qxd6 13. Qxg5 Qe7 14. Qg3
Bd6 15. Bf4 Bxf4 16. Qxf4 Nc6 17. Nd2 Qe5 18. Qf3 Qf5 19. Qg3 Qe5 20. Qf3 Qf5
21. Rfe1 Qxf3 22. Nxf3 Bf5 23. h3 Rad8 24. a4 a6 25. Re3 Rfe8 26. Ng5 Bg6 27.
Rxe8+ Rxe8 28. Rd1 Rd8 29. Re1 Kf8 30. f4 Re8 31. Rd1 Rd8 1/2-1/2

[Event "40th Olympiad Women"]
[Site "Istanbul TUR"]
[Date "2012.09.09"]
[Round "11.43"]
[Board "2"]
[White "Naipal, Ekaterina"]
[Black "Gamboa Alvarado, Leticia"]
[Result "1/2-1/2"]
[WhiteTitle "WCM"]
[WhiteElo "1756"]
[BlackElo "1890"]
[WhiteTeam "Suriname"]
[BlackTeam "Costa Rica"]
[WhiteFideId "8200629"]
[BlackFideId "6502270"]
[EventDate "2012.08.28"]

1. d4 Nf6 2. Nf3 b6 3. g3 Bb7 4. Bg2 g6 5. c4 Bg7 6. Nc3 d6 7. O-O Nbd7 8. Qc2
c5 9. Rd1 cxd4 10. Nxd4 Bxg2 11. Kxg2 Rc8 12. b3 d5 13. cxd5 Nxd5 14. Bb2 Nxc3
15. Bxc3 Qc7 16. Rac1 O-O 17. Kg1 Qe5 18. Nf3 Qe6 19. Qb2 Rxc3 20. Rxc3 Bxc3 21.
Qxc3 Nc5 22. Qe5 Rc8 23. b4 f6 24. Qxe6+ Nxe6 25. Rd7 Rc7 26. Rxc7 Nxc7 27. Nd4
Kf7 28. e4 e5 29. Nc2 Nb5 30. a3 Ke6 31. f3 f5 32. Kf2 fxe4 33. fxe4 Nd4 34. Ne1
Kd6 35. Ke3 b5 36. Kd3 Ke6 37. Ke3 Kf6 38. Kd3 Kg5 39. h3 h5 40. Ke3 Kf6 41. Kd3
Ke6 42. Ke3 Kd6 43. Kd3 Kc6 44. Ke3 Kb6 45. Kd3 a5 46. Nc2 Nxc2 47. Kxc2 axb4
48. axb4 1/2-1/2

[Event "40th Olympiad Women"]
[Site "Istanbul TUR"]
[Date "2012.09.09"]
[Round "11.44"]
[Board "1"]
[White "Mona, Khaled"]
[Black "Baktach, Nesrine"]
[Result "1-0"]
[WhiteTitle "WGM"]
[WhiteElo "2121"]
[BlackElo "1760"]
[WhiteTeam "Egypt"]
[BlackTeam "Tunisia"]
[WhiteFideId "10605908"]
[BlackFideId "5501628"]
[EventDate "2012.08.28"]

1. d4 c6 2. Nf3 d5 3. c4 Nf6 4. Qc2 g6 5. Bf4 Bg7 6. e3 O-O 7. Nc3 Bf5 8. Qb3
Bc8 9. h3 e6 10. Bd3 Nbd7 11. O-O Qb6 12. c5 Qxb3 13. axb3 Ne8 14. b4 Nef6 15.
b5 cxb5 16. Nxb5 a6 17. Nc7 Ra7 18. b4 Ne8 19. Nb5 Ra8 20. Ra3 b6 21. c6 Nb8 22.
Rc1 a5 23. bxa5 bxa5 24. c7 Nd7 25. Rca1 Nef6 26. Rxa5 Rxa5 27. Rxa5 Nh5 28. Bh2
Bf6 29. Nd6 Be7 30. Nxc8 Rxc8 31. Ba6 1-0

[Event "40th Olympiad Women"]
[Site "Istanbul TUR"]
[Date "2012.09.09"]
[Round "11.44"]
[Board "2"]
[White "Krifa, Najla"]
[Black "Wafa, Shrook"]
[Result "1-0"]
[WhiteTitle "WFM"]
[BlackTitle "WFM"]
[WhiteElo "1782"]
[BlackElo "1911"]
[WhiteTeam "Tunisia"]
[BlackTeam "Egypt"]
[WhiteFideId "5501040"]
[BlackFideId "10609970"]
[EventDate "2012.08.28"]

1. e4 c5 2. c3 d5 3. exd5 Qxd5 4. d4 Nf6 5. Nf3 Bg4 6. Be2 Nc6 7. Be3 e6 8. h3
Bh5 9. dxc5 Qxd1+ 10. Bxd1 O-O-O 11. O-O Nd5 12. b4 Nxe3 13. fxe3 Be7 14. a4 Bf6
15. Ra3 Bg6 16. Be2 Bd3 17. Ra2 Bxb1 18. Rxb1 Bxc3 19. b5 Nb4 20. Ra3 Nd5 21. c6
bxc6 22. bxc6 Bb4 23. Rab3 a5 24. Rc1 h6 25. Ne5 Rhf8 26. c7 Nxc7 27. Ba6+ Kb8
28. Nc6+ Ka8 29. Nxb4 Rd7 30. Bb7+ Kxb7 31. Nd5+ Kc8 32. Nb6+ Kd8 33. Nxd7 Kxd7
34. Rd3+ Ke7 35. Rxc7+ 1-0

[Event "40th Olympiad Women"]
[Site "Istanbul TUR"]
[Date "2012.09.09"]
[Round "11.44"]
[Board "3"]
[White "Wafa, Shahenda"]
[Black "Matoussi, Amani"]
[Result "1-0"]
[WhiteTitle "WFM"]
[WhiteElo "1830"]
[BlackElo "1581"]
[WhiteTeam "Egypt"]
[BlackTeam "Tunisia"]
[WhiteFideId "10609962"]
[BlackFideId "5501156"]
[EventDate "2012.08.28"]

1. e4 e5 2. Nf3 Nf6 3. Nxe5 d6 4. Nf3 Nxe4 5. Nc3 Nxc3 6. dxc3 Be7 7. Be3 Be6 8.
Qd2 Nc6 9. O-O-O Bf6 10. Kb1 O-O 11. h4 Ne5 12. Ng5 Bf5 13. f3 h6 14. Ne4 Bxe4
15. fxe4 Ng4 16. Bf2 Nxf2 17. Qxf2 Qe7 18. Bd3 Be5 19. g4 a5 20. Qf3 a4 21. a3
c6 22. g5 Qe6 23. Rdg1 b5 24. Qh5 Kh7 25. gxh6 Qxh6 26. Qf5+ g6 27. Qd7 Rac8 28.
h5 g5 29. Qf5+ Kh8 30. Rxg5 Qe6 31. Qf2 Rg8 32. Rf5 Rg7 33. Rf1 Rf8 34. Qb6 Rc8
35. Be2 Qe8 36. h6 Rh7 37. Qe3 c5 38. Bh5 Rc7 39. Bg6 1-0

[Event "40th Olympiad Women"]
[Site "Istanbul TUR"]
[Date "2012.09.09"]
[Round "11.45"]
[Board "3"]
[White "Masiyazi, Rhoda"]
[Black "Munoz, Doribel"]
[Result "0-1"]
[BlackTitle "WCM"]
[WhiteElo "2005"]
[BlackElo "1933"]
[WhiteTeam "Zimbabwe"]
[BlackTeam "Dominican Republic"]
[WhiteFideId "11000090"]
[BlackFideId "6400574"]
[EventDate "2012.08.28"]

1. f4 Nf6 2. Nf3 d5 3. e3 Nc6 4. Be2 Bf5 5. a3 e6 6. O-O a6 7. d4 b5 8. Bd2 Be7
9. Nh4 Be4 10. Be1 h6 11. Nd2 Bh7 12. f5 e5 13. dxe5 Nxe5 14. Nhf3 Neg4 15. Bf2
Bxf5 16. h3 Nxf2 17. Rxf2 Bc5 18. Nd4 Bd7 19. c3 Qe7 20. Rf3 Bd6 21. Nf1 Qe5 22.
Bd3 g6 23. Qc2 Ne4 24. Rf4 f5 25. Re1 O-O 26. Qd1 c5 27. Nf3 Qe6 28. Rh4 g5 29.
Rh5 Be8 30. Bxe4 dxe4 31. Nxg5 hxg5 32. Rxg5+ Kh7 33. b4 cxb4 34. axb4 Be7 35.
Rh5+ Bxh5 36. Qxh5+ Qh6 37. Qd1 Rad8 38. Qc2 Rg8 39. Kh1 Qd6 40. Qb3 Rg7 41. Ra1
Rdg8 42. Ra2 Qd3 43. Kg1 Bg5 44. Qe6 Bxe3+ 45. Nxe3 Qxe3+ 46. Kh2 Qf4+ 47. Kg1
Rg6 48. Qe7+ R8g7 49. Qe8 Qg3 50. Qd8 Qxh3 0-1

[Event "40th Olympiad Women"]
[Site "Istanbul TUR"]
[Date "2012.09.09"]
[Round "11.46"]
[Board "1"]
[White "Barria, Raisa"]
[Black "Lin, Yu-Tong Elaine"]
[Result "1-0"]
[WhiteTitle "WCM"]
[WhiteElo "1946"]
[BlackElo "1482"]
[WhiteTeam "Panama"]
[BlackTeam "Chinese Taipei"]
[WhiteFideId "6600336"]
[BlackFideId "16300149"]
[EventDate "2012.08.28"]

1. d4 Nf6 2. c4 g6 3. Nc3 Bg7 4. e4 d6 5. Nf3 O-O 6. Be2 Nbd7 7. O-O e5 8. d5
Nc5 9. Qc2 a5 10. b3 Ne8 11. a3 f5 12. Bg5 Nf6 13. Nd2 f4 14. f3 h6 15. Bh4 g5
16. Bf2 b6 17. b4 Nb7 18. Nb3 g4 19. c5 bxc5 20. bxc5 Qe8 21. c6 Nd8 22. Nb5 Qf7
23. a4 h5 24. Qc3 Ne8 25. Kh1 Qg6 26. g3 gxf3 27. Bxf3 Bh3 28. Rg1 Qh6 29. gxf4
Qxf4 30. Rg3 Bg4 31. Nd2 Bxf3+ 32. Rxf3 Qh6 33. Rxf8+ Kxf8 34. Bh4 Nf7 35. Rf1
Qg6 36. Qf3 Kg8 37. Rg1 Qh6 38. Nf1 Rc8 39. Ng3 Nh8 40. Nf5 Qf4 41. Qxf4 exf4
42. Ne7+ Kf7 43. Nxc8 Ng6 44. Rxg6 Kxg6 45. Bd8 Bf6 46. Bxc7 f3 47. Ncxd6 Ng7
48. Bxa5 h4 49. c7 Ne6 50. dxe6 h3 51. Kg1 Bh4 52. c8=Q f2+ 53. Kf1 Kg5 54. Bd8+ 1-0

[Event "40th Olympiad Women"]
[Site "Istanbul TUR"]
[Date "2012.09.09"]
[Round "11.46"]
[Board "2"]
[White "Chen, I-Chen"]
[Black "Gonzalez, Yaribeth"]
[Result "1-0"]
[BlackTitle "WCM"]
[WhiteElo "1684"]
[BlackElo "1796"]
[WhiteTeam "Chinese Taipei"]
[BlackTeam "Panama"]
[WhiteFideId "16300181"]
[BlackFideId "6600344"]
[EventDate "2012.08.28"]

1. e4 e5 2. Nf3 Nc6 3. d4 exd4 4. Nxd4 Qf6 5. Nb5 Bc5 6. Qe2 Bb6 7. N1c3 Nge7 8.
Be3 Ba5 9. O-O-O a6 10. Nd5 Nxd5 11. exd5 Ne7 12. Nd4 O-O 13. Nb3 Bb4 14. Bd4
Qg5+ 15. Kb1 Nf5 16. Bc5 Bxc5 17. Nxc5 d6 18. Ne4 Qd8 19. Qd2 b5 20. Bd3 Ne7 21.
Ng5 Ng6 22. h4 h6 23. Nf3 Bg4 24. h5 Ne5 25. Be2 Bf5 26. Nd4 Bh7 27. f4 Nd7 28.
g4 Nc5 29. Bf3 Ne4 30. Qg2 Nc5 31. g5 Kh8 32. Rdg1 Qe7 33. gxh6 g6 34. f5 g5 35.
Qxg5 Qxg5 36. Rxg5 Rg8 37. Rhg1 Rxg5 38. Rxg5 Rg8 39. Rxg8+ Bxg8 40. b4 Nd7 41.
Nc6 Ne5 42. Nxe5 dxe5 43. a4 f6 44. Kb2 Kh7 45. Kb3 Kxh6 46. c4 bxc4+ 47. Kxc4
c6 48. Kc5 cxd5 49. Bxd5 Bh7 50. Be4 Kxh5 51. b5 axb5 52. axb5 Kg4 53. b6 Kf4
54. Bc2 1-0

[Event "40th Olympiad Women"]
[Site "Istanbul TUR"]
[Date "2012.09.09"]
[Round "11.46"]
[Board "3"]
[White "Arosemena, Betty"]
[Black "Wang, Mi"]
[Result "1/2-1/2"]
[WhiteElo "1657"]
[BlackElo "1533"]
[WhiteTeam "Panama"]
[BlackTeam "Chinese Taipei"]
[WhiteFideId "6600425"]
[BlackFideId "16300483"]
[EventDate "2012.08.28"]

1. e4 e5 2. Nf3 Nc6 3. d4 exd4 4. Bc4 Nf6 5. O-O Nxe4 6. Re1 d5 7. Bxd5 Qxd5 8.
Nc3 Qa5 9. Nxe4 Be6 10. Neg5 O-O-O 11. Nxe6 fxe6 12. Rxe6 Qf5 13. Qe2 Bc5 14.
Bg5 Rdf8 15. a3 h6 16. Bd2 Bb6 17. Be1 Qf7 18. b4 a6 19. a4 Re8 20. Rxe8+ Rxe8
21. Qd3 Ne5 22. Nxe5 Rxe5 23. Rd1 Qe8 24. Kf1 Qxa4 25. c3 Qc6 26. c4 Re7 27. c5
Ba7 28. Bc3 Rd7 29. Bxd4 Qb5 30. Qxb5 axb5 31. Ke2 Re7+ 32. Kf3 c6 33. h3 Bb8
34. Rd3 Rf7+ 35. Ke2 Re7+ 36. Re3 Rxe3+ 37. Kxe3 g6 38. Bg7 h5 39. Ke4 Bc7 40.
Be5 Bd8 41. Kf4 Kd7 42. g3 Ke6 43. Ke4 b6 44. cxb6 Bxb6 45. Bd4 Bc7 46. f4 Bd6
47. Bc3 c5 48. bxc5 Bxc5 49. g4 hxg4 50. hxg4 b4 51. f5+ gxf5+ 52. gxf5+ Kf7 1/2-1/2

[Event "40th Olympiad Women"]
[Site "Istanbul TUR"]
[Date "2012.09.09"]
[Round "11.46"]
[Board "4"]
[White "Liao, Jo-Yu"]
[Black "Munoz, Alba"]
[Result "1-0"]
[BlackTitle "WCM"]
[WhiteElo "1520"]
[BlackElo "1667"]
[WhiteTeam "Chinese Taipei"]
[BlackTeam "Panama"]
[WhiteFideId "16300459"]
[BlackFideId "6600514"]
[EventDate "2012.08.28"]

1. e4 c6 2. d4 d5 3. exd5 cxd5 4. Bd3 Nc6 5. c3 Nf6 6. Bf4 Bg4 7. Qb3 Qd7 8. Nd2
e6 9. Ngf3 Bh5 10. O-O a6 11. Rfe1 Be7 12. Ne5 Qc8 13. Nxc6 Qxc6 14. Nf1 Bg6 15.
Qc2 Bxd3 16. Qxd3 O-O 17. Re3 Nh5 18. Rh3 g6 19. Bh6 Ng7 20. Qd2 Bf6 21. Ne3 e5
22. dxe5 Bxe5 23. Ng4 Qd6 24. Nxe5 Qxe5 25. Re1 Qf6 26. Bg5 Qc6 27. Bf6 Qxf6 28.
Qh6 Nh5 29. Rxh5 Qg7 30. Qxg7+ Kxg7 31. Rxd5 Rfd8 32. Red1 Rxd5 33. Rxd5 Re8 34.
Kf1 Re6 35. Rd4 h5 36. f3 g5 37. Re4 Rf6 38. Ke2 Kg6 39. Ke3 Rb6 40. Rb4 Rxb4
41. cxb4 f5 42. f4 h4 43. fxg5 Kxg5 44. Kf3 b5 45. b3 f4 46. h3 Kf5 47. Kf2 Ke4
48. Ke2 Kd4 49. Kf3 Kc3 50. Kxf4 Kxb4 51. g4 hxg3 52. Kxg3 Ka3 53. h4 b4 54. h5
Kxa2 55. h6 Kxb3 56. h7 Ka2 57. h8=Q b3 58. Qg8 a5 59. Qd5 a4 60. Kf3 Ka1 61.
Qd4+ b2 62. Qxa4+ Kb1 63. Ke2 1-0

[Event "40th Olympiad Women"]
[Site "Istanbul TUR"]
[Date "2012.09.09"]
[Round "11.47"]
[Board "1"]
[White "Jalloul, Maya M."]
[Black "Colombo, Camila"]
[Result "0-1"]
[WhiteTitle "WFM"]
[BlackTitle "WIM"]
[WhiteElo "1923"]
[BlackElo "2095"]
[WhiteTeam "Lebanon"]
[BlackTeam "Uruguay"]
[WhiteFideId "5300800"]
[BlackFideId "3001822"]
[EventDate "2012.08.28"]

1. c4 g6 2. g3 e5 3. Bg2 Bg7 4. Nc3 d6 5. e3 Nc6 6. Nge2 Nh6 7. O-O O-O 8. a3
Be6 9. d3 Qd7 10. b4 Bh3 11. b5 Bxg2 12. Kxg2 Ne7 13. Bb2 f5 14. Rc1 g5 15. f4
gxf4 16. exf4 Ng6 17. Qd2 Rae8 18. a4 Ng4 19. h3 Nf6 20. Nd1 Nh5 21. Nf2 exf4
22. Bxg7 Qxg7 23. Kh2 Rxe2 24. Qxe2 fxg3+ 25. Kh1 g2+ 0-1

[Event "40th Olympiad Women"]
[Site "Istanbul TUR"]
[Date "2012.09.09"]
[Round "11.47"]
[Board "2"]
[White "Silva, Natalia"]
[Black "Makhlouf, Youmna"]
[Result "1-0"]
[BlackTitle "WFM"]
[WhiteElo "1918"]
[BlackElo "1950"]
[WhiteTeam "Uruguay"]
[BlackTeam "Lebanon"]
[WhiteFideId "3000575"]
[BlackFideId "5300819"]
[EventDate "2012.08.28"]

1. f4 d5 2. Nf3 Nf6 3. g3 g6 4. Bg2 Bg7 5. d3 c5 6. O-O O-O 7. Nc3 d4 8. Na4 Qc7
9. c4 Nc6 10. Nxc5 Ng4 11. a3 a5 12. Rb1 Ne3 13. Bxe3 dxe3 14. Ne4 Rd8 15. Qc1
Bg4 16. Nc3 Bxf3 17. Bxf3 e6 18. Kh1 Qb6 19. g4 Ne7 20. Bg2 Rab8 21. Rf3 Bh6 22.
Nd1 Qc7 23. g5 Bg7 24. Nxe3 Nf5 25. Nxf5 exf5 26. b4 axb4 27. Rxb4 Ra8 28. e4
fxe4 29. dxe4 Bf8 30. Rbb3 Rd4 31. Rfc3 Rad8 32. Bf3 Qd7 33. e5 Qf5 34. Bd5 Rxf4
35. Rf3 Rxf3 36. Rxf3 Qxe5 37. Bxf7+ Kh8 38. Bd5 Bd6 39. Qc3 Qxc3 40. Rxc3 b6
41. a4 Rf8 42. Kg2 Bc5 43. Rf3 Kg7 44. Rxf8 Bxf8 45. Kf3 Be7 46. Kg4 h6 47.
gxh6+ Kxh6 48. h3 Bd6 49. Be6 Bc7 50. Kf3 Kg5 51. Ke4 Bd6 52. Kd5 Bb4 53. Kc6
Kf6 54. Bg4 Ke5 55. Kxb6 Kd6 56. a5 Bc5+ 57. Kb7 Ke5 58. a6 Kd4 59. Be6 g5 60.
a7 Bxa7 1-0

[Event "40th Olympiad Women"]
[Site "Istanbul TUR"]
[Date "2012.09.09"]
[Round "11.47"]
[Board "3"]
[White "Bedrosian, Danielle"]
[Black "Costa, Anaclara"]
[Result "0-1"]
[WhiteElo "1796"]
[BlackElo "1673"]
[WhiteTeam "Lebanon"]
[BlackTeam "Uruguay"]
[WhiteFideId "5300479"]
[BlackFideId "3005666"]
[EventDate "2012.08.28"]

1. c4 f5 2. g3 e6 3. Bg2 Nf6 4. Nf3 d5 5. d4 Bd6 6. O-O c6 7. b3 Qe7 8. Bb2 O-O
9. Qc1 Nbd7 10. Ba3 Re8 11. Bxd6 Qxd6 12. Nc3 b6 13. cxd5 exd5 14. e3 Bb7 15.
Qb2 Ne4 16. Rfe1 h6 17. Nh4 Qf6 18. Bf1 g5 19. Ng2 Rac8 20. f3 Nxc3 21. Qxc3 c5
22. Qd2 a6 23. Rac1 h5 24. h4 Re7 25. hxg5 Qxg5 26. Qf2 Rg7 27. Kh2 Rc6 28. Nh4
Nf6 29. Bd3 Bc8 30. Rg1 Rcc7 31. Rce1 cxd4 32. exd4 Rc3 33. Qe3 f4 34. Qe5 fxg3+
35. Rxg3 Qxh4+ 36. Kg2 Rxg3+ 37. Qxg3+ Qxg3+ 38. Kxg3 Rxd3 39. Rc1 Bd7 40. Kf4
Kf7 0-1

[Event "40th Olympiad Women"]
[Site "Istanbul TUR"]
[Date "2012.09.09"]
[Round "11.48"]
[Board "2"]
[White "Kim, Taegyeong"]
[Black "Lebel-Arias, Julia"]
[Result "0-1"]
[WhiteTitle "WCM"]
[BlackTitle "WIM"]
[WhiteElo "1536"]
[BlackElo "1892"]
[WhiteTeam "South Korea"]
[BlackTeam "Monaco"]
[WhiteFideId "13200976"]
[BlackFideId "602019"]
[EventDate "2012.08.28"]

1. d4 g6 2. c4 Bg7 3. Nc3 d6 4. e4 c6 5. Nf3 Nh6 6. Be2 f6 7. O-O Nf7 8. Be3 O-O
9. Rb1 e5 10. d5 c5 11. a3 f5 12. g3 Na6 13. Qd2 fxe4 14. Nxe4 Bf5 15. Bd3 Bxe4
16. Bxe4 Nc7 17. b4 b6 18. bxc5 bxc5 19. Rb7 Ne8 20. Ng5 Nxg5 21. Bxg5 Nf6 22.
Bg2 Qc8 23. Rxg7+ Kxg7 24. Bh6+ Kh8 25. Bxf8 Qxf8 26. Re1 Re8 27. Bh3 Qg7 28.
Be6 Rb8 29. Qc2 Qb7 30. Qa4 Qe7 31. Qc2 Rb6 32. Rb1 Qb7 33. Rxb6 Qxb6 34. f4
exf4 35. gxf4 Kg7 36. h4 Qa5 37. Qc1 Qa4 38. f5 Qb3 39. Qf4 Qd1+ 40. Kg2 Qe2+
41. Kg1 Qe1+ 42. Kh2 Qe4 43. Qxe4 Nxe4 44. fxg6 hxg6 45. Bg4 Kf6 46. Bf3 Ke5 47.
Kh3 Nd2 48. Be2 Kd4 49. Kg4 Nxc4 50. Bxc4 Kxc4 51. Kg5 Kxd5 52. Kxg6 c4 53. h5
c3 54. h6 c2 55. h7 c1=Q 56. h8=Q Qg1+ 57. Kf7 Qf2+ 58. Kg6 Qc2+ 59. Kg5 Qg2+
60. Kf4 Qe4+ 61. Kg3 Qe5+ 62. Qxe5+ Kxe5 63. Kf3 Kd4 64. Ke2 Kc3 65. Ke3 d5 66.
a4 d4+ 67. Ke2 Kc2 0-1